000 00455nab a2200145Ia 4500
003 ES-SlBCS
005 20210601124314.0
008 140529s1984 xxu||||| |||| 00| 0 eng d
041 _aeng
100 1 _aApple, Michael W.
_9139283
245 0 4 _aThe Political Economy of Text Publishing
_c Michael W. Apple
650 0 4 _aEconomía Política-Enseñanza
_9139470
773 0 _tEducational Theory
_gvol. 34, nº. 4, 1984, págs. 307-320
_wRev1399
942 _cAR
999 _c512632
_d512632